Normal view MARC view

Entry Corporate Name

Number of records used in: 2

001 - CONTROL NUMBER

  • control field: 46235

003 - CONTROL NUMBER IDENTIFIER

  • control field: dpl

005 - DATE AND TIME OF LATEST TRANSACTION

  • control field: 20120503102352.0

008 - FIXED-LENGTH DATA ELEMENTS

  • fixed length control field: 120503|||a|||||| | ||| d

040 ## - CATALOGING SOURCE

  • Original cataloging agency: dpl
  • Transcribing agency: dpl

110 ## - HEADING--CORPORATE NAME

  • Corporate name or jurisdiction name as entry element: Computing Technology Industry Association |x |v Study guides.
  • General subdivision: Examinations

670 ## - SOURCE DATA FOUND

  • Source citation: Work cat.: (dpl): Meyers, Michael 16472 1961-, CompTIA Network+ exam guide : , 2012

670 ## - SOURCE DATA FOUND

  • Source citation: Work cat.: (dpl): Meyers, Michael 16472 1961-, CompTIA Network+ exam guide : , 2012

© Delhi Public Library
Hit Counter
free hit counter